Studies on the blends of carbon dioxide copolymer. III. NBR/PPC system (Record no. 69673)

MARC details
000 -LEADER
fixed length control field 00582nam a2200229Ia 4500
100 ## - MAIN ENTRY--AUTHOR NAME
Personal name Huang Y H
245 #0 - TITLE STATEMENT
Title Studies on the blends of carbon dioxide copolymer. III. NBR/PPC system
260 ## - PUBLICATION, DISTRIBUTION, ETC. (IMPRINT)
Name of publisher Journal of Applied Polymer Science
Year of publication 1996
300 ## - PHYSICAL DESCRIPTION
Number of Pages 1479-1486
650 ## - SUBJECT ADDED ENTRY--TOPICAL TERM
Topical Term Blends
650 ## - SUBJECT ADDED ENTRY--TOPICAL TERM
Topical Term Carbon dioxide copolymer
700 ## - ADDED ENTRY--PERSONAL NAME
Personal name Chen L B
700 ## - ADDED ENTRY--PERSONAL NAME
Personal name Chen M C
700 ## - ADDED ENTRY--PERSONAL NAME
Personal name Cong G M
700 ## - ADDED ENTRY--PERSONAL NAME
Personal name Liao B
700 ## - ADDED ENTRY--PERSONAL NAME
Personal name Lin G
700 ## - ADDED ENTRY--PERSONAL NAME
Personal name Wang C Q
700 ## - ADDED ENTRY--PERSONAL NAME
Personal name Yang X H
700 ## - ADDED ENTRY--PERSONAL NAME
Personal name Zhao S L
942 ## - ADDED ENTRY ELEMENTS (KOHA)
Koha item type Journals
Holdings
Withdrawn status Lost status Damaged status Not for loan Home library Current library Shelving location Date acquired Serial Enumeration / chronology Koha item type
      Journals RRII Library RRII Library Rubber chemistry 17/12/2021 Volume 61, Issue 9 Journals